ბათუმის შოთა რუსთაველის სახელმწიფო უნივერსიტეტის ბიბლიოთეკა

Human Anatomy.SPLANCHNOLOGY.THE Structure OF THE HUMAN BODY. (ბიბ.ჩანაწერი № 35578)

000 -LEADER
fixed length control field 00554nam a2200217Ia 4500
001 - CONTROL NUMBER
control field 1440
003 - CONTROL NUMBER IDENTIFIER
control field GE_BSU
008 - FIXED-LENGTH DATA ELEMENTS--GENERAL INFORMATION
fixed length control field 181216s||||||||xx |||||||||||||| ||und||
020 ## - INTERNATIONAL STANDARD BOOK NUMBER
International Standard Book Number 9789668132971
040 ## - CATALOGING SOURCE
Transcribing agency GE_BSU
080 ## - UNIVERSAL DECIMAL CLASSIFICATION NUMBER
Universal Decimal Classification number 611(07)
100 ## - MAIN ENTRY--PERSONAL NAME
Personal name ZADNIPRYANY., V. IGOR.
245 ## - TITLE STATEMENT
Title Human Anatomy.SPLANCHNOLOGY.THE Structure OF THE HUMAN BODY.
245 ## - TITLE STATEMENT
Remainder of title Structure, Development, Clinical Importance, Function.
260 ## - PUBLICATION, DISTRIBUTION, ETC.
Place of publication, distribution, etc. SIMFEROPOL.
260 ## - PUBLICATION, DISTRIBUTION, ETC.
Date of publication, distribution, etc. 2008.
300 ## - PHYSICAL DESCRIPTION
Extent 232 c.
653 ## - INDEX TERM--UNCONTROLLED
Uncontrolled term Human Anatomy.
942 ## - ADDED ENTRY ELEMENTS (KOHA)
Koha item type წიგნი
ეგზემპლარები
Withdrawn status Lost status Damaged status Not for loan Date acquired Barcode Date last seen Price effective from Koha item type Public note
        2018-12-17 2634 2018-12-17 2018-12-17 წიგნი დარბაზი
        2018-12-17 2635 2018-12-17 2018-12-17 წიგნი დარბაზი